000 00319nam a22001457a 4500
008 230419b ||||| |||| 00| 0 eng d
020 _a9780811849494
041 _aeng
080 _a159.9
082 _a159.9MAO
100 _a25
101 _aPSI
245 _aSECRETS OF LONGEVITTY
_cMAOSHING NI
942 _2udc
_cBK
999 _c59620
_d59620